| 000 | 00668nam a2200217Ii 4500 | ||
|---|---|---|---|
| 003 | JO-AjNU | ||
| 008 | 230605s9999||||xx |||||||||||||| ||und|| | ||
| 017 | _a1985/7533 | ||
| 040 |
_aJO-AjNU _bara _erda _cJO-AjNU |
||
| 041 | _aara | ||
| 050 | 1 | 4 | _aDT107.85.H352 1989 |
| 100 | 3 |
_aحموده، عادل, _eauthor _936117 |
|
| 245 | 0 | 0 | _aقنابل ومصاحف: قصة تنظيم الجهاد |
| 250 | _aط3 | ||
| 264 | 3 | 1 | _aالقاهرة: سينا للنشر، 1989 |
| 300 | _a279ص | ||
| 336 |
_atext _btxt _2rdacontent |
||
| 337 |
_aunmediated _bn _2rdamedia |
||
| 338 |
_avolume _bnc _2rdacarrier |
||
| 650 | 4 |
_aالجهاد الاسلامي-تاريخ _936118 |
|
| 999 |
_aA14976 _c18544 _d18544 |
||